000 00877nam a22002417a 4500
999 _c10509
_d10509
003 AR-CdUCM
008 190401b ||||| |||| 00| 0 spa d
040 _aMUNICIPALIDAD PROVINCIAL DEL CUSCO
_cBIBLIOTECA MUNICIPAL DEL CUSCO
041 _heng
082 _aEP / 800 /
_bB62
100 _aBlyton, Enid
_926549
245 _aAventura en el mar /
260 _aEspaña :
_bEditorial Molino,
_c1959.
300 _a249 páginas ;
_bIlustraciones,
_c19 cm.
440 _aSerie Aventura
_927394
505 _aContenido: ¡Nada de instituciones, gracias! -- Uno idea colosal -- Muy misterioso -- Una visita de Bill y una gran idea -- Planes emocionante...
650 _aLiteratura escolar
_926679
650 _aLiteratura Infantil
_9588
650 _aCuentos Variados
_98199
700 _aLopez Hipkiss, Guillermo (traducción)
_926890
942 _2ddc
_cLIBROS
945 _adavv